| 000 | 00455cam a2200181ua 4500 | ||
|---|---|---|---|
| 020 | _cRs 1.25 | ||
| 041 |
_amal _h |
||
| 082 |
_a894.812 2 _bNAR/NU |
||
| 100 | _aNarendra Menon, P . | ||
| 245 |
_aNurungunna Srimkhalakal / _cP Narendra Menon. _hTextual Documents |
||
| 260 |
_aThrissur : _bCurrent Books , _c1964. |
||
| 300 | _a93 ; . | ||
| 365 | _aRs 1.25 | ||
| 504 | _a | ||
| 650 | _aDrama - Malayalam | ||
| 942 | _cBK | ||
| 999 |
_c466 _d466 |
||